000 00572nam a2200193Ia 4500
005 20250508152440.0
008 008 250505s9999 xx 000 0 eng d
037 _aTextual
040 _aFEDL
_beng
_cFEDL
041 _aeng
_2eng
084 _a330.54, DAS
_qFEDL
100 _aDas M. N.
245 0 _aStudies in the economic and social development of modern India : 1848-56
260 _aCalcutta, India
_bFirma K. L. Mukhopadhyay
_c1959
300 _axxii,449p.
650 _aEconomics
942 _cTEXL
_h330.54, DAS
999 _c1336486
_d1336486